Jew and Greek (Record no. 18472)

MARC details
000 -LEADER
fixed length control field 00648nam a2200241 a 4500
020 ## - INTERNATIONAL STANDARD BOOK NUMBER
ISBN
082 00 - DEWEY DECIMAL CLASSIFICATION NUMBER
Classification number 270.1
Author Cutter DIX
100 ## - MAIN ENTRY--AUTHOR NAME
Author name Dix, Dom Gregory
245 ## - TITLE STATEMENT
Title Jew and Greek
Sub title Study in the Primitive Church
260 ## - PUBLICATION, DISTRIBUTION, ETC. (IMPRINT)
Place of publication Westminster
Name of publisher Dacre Press
Year of publication 1953
300 ## - PHYSICAL DESCRIPTION
Number of Pages 119p
500 ## - GENERAL NOTE
General note includes index and biblioraphy
505 2# - FORMATTED CONTENTS NOTE
Formatted contents note Index to Biblical References, General Index
650 ## - SUBJECT ADDED ENTRY--TOPICAL TERM
Topical Term Church-History Primitive & Early
942 ## - ADDED ENTRY ELEMENTS (KOHA)
Koha item type Books
700 1# -
-- Dix, Dom Gregory
Holdings
Collection code Home library Current library Date acquired Cost, normal purchase price Full call number Accession Number Koha item type
  Henry Martyn Institute Library Henry Martyn Institute Library 07/17/2007 100.00 270.1 DIX 11001259 Books
                   Copyright © 2026 | Henry Martyn Institute | Hyderabad | TS-500052 | INDIA | Implemented by hmi.edu.in
Hit-Count:

Powered by Koha